|
|
|
|
| LEADER |
00000nam0a2200000 4500 |
| 001 |
357259 |
| 005 |
20231102010956.0 |
| 035 |
|
|
|a (RuTPU)RU\TPU\retro\14527
|
| 090 |
|
|
|a 357259
|
| 100 |
|
|
|a 20200804d1978 k y0rusy50 ca
|
| 101 |
0 |
|
|a rus
|
| 102 |
|
|
|a RU
|
| 105 |
|
|
|a y z 001zy
|
| 200 |
1 |
|
|a Снижение себестоимости добычи нефти и газа
|f З. А. Насинник , Ж. И. Карнаушевская, С. М. Тренчук
|
| 210 |
|
|
|a Ужгород
|c Карпати
|d 1978
|
| 215 |
|
|
|a 75 с.
|
| 225 |
1 |
|
|a Библиотека нефтяника
|
| 320 |
|
|
|a Библиогр.: с. 73-74
|
| 606 |
1 |
|
|a Нефть и газ
|x Добыча
|x Себестоимость
|2 stltpush
|3 (RuTPU)RU\TPU\subj\45905
|9 65094
|
| 610 |
1 |
|
|a снижение
|
| 610 |
1 |
|
|a нефтегазовые месторождения
|
| 610 |
1 |
|
|a разработка
|
| 610 |
1 |
|
|a количественная оценка
|
| 610 |
1 |
|
|a индексный метод
|
| 610 |
1 |
|
|a нефтяные месторождения
|
| 610 |
1 |
|
|a экономическая эффективность
|
| 675 |
|
|
|a 622.32
|v 4
|
| 700 |
|
1 |
|a Насинник
|b З. А.
|g Збигнев Александрович
|
| 701 |
|
1 |
|a Карнаушевская
|b Ж. И.
|g Жанна Израйлевна
|
| 701 |
|
1 |
|a Тренчук
|b С. М.
|g Степан Михайлович
|
| 801 |
|
1 |
|a RU
|b 63413507
|c 20200804
|
| 801 |
|
2 |
|a RU
|b 63413507
|c 20210220
|g RCR
|
| 942 |
|
|
|c BK
|